Yüklüyor......

The Perfection Point

Detaylı Bibliyografya
Yazar: John Brenkus
Materyal Türü: Printed Book
Baskı/Yayın Bilgisi: UK Macmillan 2010
Konular:
LEADER 00455nam a22001457a 4500
020 |a 978-0-230-75295-5 
082 |a 612.044 BRE/TH 
100 |a John Brenkus 
245 |a The Perfection Point 
260 |a UK  |b Macmillan  |c 2010 
300 |a 260 
650 |a raw speed  |a pumping iron 
942 |c BK 
999 |c 168949  |d 168949 
952 |0 0  |1 0  |4 0  |6 612_044000000000000_BRE_TH  |7 0  |9 173893  |a KAUCOAP  |b KAUCOAP  |d 2016-03-15  |o 612.044 BRE/TH  |p KAU_COAP06142  |r 2016-03-15  |w 2016-03-15  |y BK